| 000 | 00519nam a2200133Ia 4500 | ||
|---|---|---|---|
| 001 | 4011 | ||
| 008 | 241024s9999 xx 000 0 und d | ||
| 082 | _aRD/616.9792/R426p/P2015-2018 | ||
| 100 | _aRepública Dominicana. Ministerio de Salud Pública. Consejo Nacional pra el VIH y el SIDA | ||
| 245 | 0 | _aPlan Estratégico Nacional (PEN) para la Prevención y el Control de la ITS, VIH y SIDA 2015-2018 (PEN 2015-2018). Resumen Ejecutivo | |
| 260 |
_bSanto Domingo _c2015 |
||
| 901 | _a6/8/2015 2:56:06 a.m. | ||
| 999 |
_c8065 _d8065 |
||